Elektromagnetické vlastnosti substituovaných oxidov železa pripravených z kvapalnej fázy

Guardado en:
Detalles Bibliográficos
Autor principal: Leitner, Vladimír
Formato: Libro
Lenguaje:eslovaco
Publicado: Bratislava STU FCHPT 2006
Acceso en línea:Ver en el OPAC
Etiquetas: Agregar Etiqueta
Sin Etiquetas, Sea el primero en etiquetar este registro!

MARC

LEADER 00000nam a2200000 a 4500
005 20260127133930.0
008 060607 2006 xo 000 0 slo d
035 |a vtls008771239 
039 9 |y 200606080813  |z mschk03 
040 |a STUSCHK1  |b slo  |c STUSCHK1  |e AACR2 
100 1 |a Leitner, Vladimír 
245 1 |a Elektromagnetické vlastnosti substituovaných oxidov železa pripravených z kvapalnej fázy 
260 |a Bratislava  |b STU FCHPT  |c 2006 
300 |a 58 s.  |b obr.,tab.,lit. + CD-ROM 
500 |a Obháj.: 5.6. 2006 
500 |a Špec.: Anorganická technológia a materiály 
500 |a Ústav anorganickej chémie, technológie a materiálov 
910 |a SCHK95 
999 |c 335  |d 335